00000000cam 2200000za 4500
0019.678245
003CaOODSP
00520251230123850
007ta
008150407|1990||||xxc|||||     f|0| 0 fre d
020 |a0-660-92850-7
040 |aCaOODSP|bfre
043 |an-cn---
0861 |aA53-1842/1990F
1101 |aCanada.|bNon attribué.
24510|aPlantes toxiques du Canada / |cAgriculture Canada.
260 |bNon attribué |c1990.
300 |a88p. : |bill., cartes ; |c23 cm.
5203 |aCertaines des plus belles plantes d'intérieur, potagères et ornementales peuvent être nocives pour l'être humain et les animaux. Même la chrysanthème, l'une des plantes d'intérieur les plus répandues, peut irriter la peau. Renseignez-vous davantage sur les plantes indigènes, naturalisées et cultivées du Canada connues pour leurs effets toxiques sur l'être humain ou les animaux. Vous y trouverez les noms communs français et anglais et les zones de croissance de chaque espèce ainsi que les causes connues des réactions, des empoisonnements et des décès associés à chacune.
590 |a90-23|b1990-06-08
69107|aPlante|2gcpds
69107|aEmpoisonnement|2gcpds
7760#|tPlantes toxiques du Canada |w(CaOODSP)9.643104